Law of the sea (Record no. 2083)

000 -LEADER
fixed length control field 00359nam a22001457a 4500
008 - FIXED-LENGTH DATA ELEMENTS--GENERAL INFORMATION
fixed length control field 200212b ||||| |||| 00| 0 eng d
082 00 - DEWEY DECIMAL CLASSIFICATION NUMBER
Classification number 341.45
Item number M4788
100 ## - MAIN ENTRY--PERSONAL NAME
9 (RLIN) 1674
Personal name McFee, William.
245 10 - TITLE STATEMENT
Title Law of the sea
260 ## - PUBLICATION, DISTRIBUTION, ETC. (IMPRINT)
Place of publication, distribution, etc London
Name of publisher, distributor, etc Faber & Faber
Date of publication, distribution, etc 1950
300 ## - PHYSICAL DESCRIPTION
Extent 302p.
365 ## - TRADE PRICE
Unit of pricing 13.08
650 #0 - SUBJECT ADDED ENTRY--TOPICAL TERM
Topical term or geographic name as entry element Maritime Law
942 ## - ADDED ENTRY ELEMENTS (KOHA)
Item type Books
Holdings
Withdrawn status Lost status Source of classification or shelving scheme Damaged status Not for loan Permanent location Current location Date acquired Source of acquisition Full call number Barcode Date last seen Koha item type
          IMU Kolkata IMU Kolkata 1953-03-18 E. W. Steve 341.45 M4788 01743 2020-02-12 Books
Designed and Maintained by IMU-KC Library, Kolkata Campus © Copyright All Rights Reserved

webs counters

Powered by Koha